| 000 | 00387nam a22001337a 4500 | ||
|---|---|---|---|
| 003 | OSt | ||
| 082 | _a630 | ||
| 088 | _aP549 | ||
| 100 |
_a Anjaly P.R _aSanjay V.R _aSaranya Sasi _95340 |
||
| 245 | _aStudy on mechanical deseeding of jackfruit bulb | ||
| 260 |
_athavanur _KKelappaji College of Agricultural Engineering and Technology _c2022 |
||
| 700 | _aDr. Prince M.V (Guide) | ||
| 942 | _cPR | ||
| 999 |
_c17599 _d17599 |
||